Chargement en cours...

Pattern classification and scene analysis

Détails bibliographiques
Auteur principal: Dua, Richard O
Autres auteurs: Hart, Peter E
Format: Printed Book
Langue:English
Publié: New York Wiley Eastern 1973
Sujets:
LEADER 00646nam a2200181 a 4500
005 20151026130859.0
008 960221s1955 dcuabcdjdbkoqu001 0deng d
003 ViArRB
100 |a Dua, Richard O 
245 |a Pattern classification and scene analysis 
260 |a New York  |b Wiley Eastern  |c 1973 
300 |a xvii, 482 p. 
500 |a   
653 |a Pattern classification  |a Calculating devices  |a Computing devices  |a Pattern recognition  |a Computer science 
700 |a Hart, Peter E 
942 |c BK  |6 _ 
999 |c 15428  |d 15428 
952 |0 0  |1 0  |2 udc  |4 0  |6 004931_DUD  |7 0  |9 26948  |a UL  |b UL  |d 2010-06-16  |l 1  |o 004.93'1 DUD  |p 00005795  |r 2010-12-17  |s 2010-12-14  |w 2010-06-16  |y BK